Le Mali pour les touristes... - Facile - Statistiques

Statistiques générales
  • Ce quiz a été pris 76 fois
  • Le résultat moyen est 11 sur 20
Statistiques - réponses
Question Indice Réponses Indice facile % Correct
Quelle est la langue de travail ? Français
100%
Citez une des autres langues reconnues Bambara | Bomu | Bozo | Dogon [ Peul | Soninké | Songhai | Sénoufo-mamara | Syenara | Touareg | Hassanya | Khassonké | Malinké B/D/P/S/T/H/K/M
91%
La religion majoritaire est Islam I
84%
Ce pays est plus grand que la France (oui/non) Oui
81%
Dans la capitale quel est le décalage horaire avec Paris ? (+ ou - et chiffre) ex - 10 - 2
79%
Quel pays a accordé son indépendance à celui-ci ? France
78%
Quelle est la monnaie ? Franc CFA F
76%
Achats à faire 1/ Statuettes en bois SIOB
75%
Achats à faire 5/ Beurre de Karité TEKARI
72%
Le principal aéroport est B Bamako
69%
Quelles sont les principaux lieux touristiques ? D Grande mosquée de {Djenné} DEJNNE
69%
Achats à faire 3/ Boite en Cuir RIUC
66%
Achats à faire 2/ Arme blanche Sabre BRASE
52%
Le suffixe internet est ml
46%
Quelles sont les principaux lieux touristiques ? B Falaises de {Bandiagara} GAAAANRDBI
18%
Achats à faire 4/ Bijoux de Mopti TIOMP
18%
Quel est le régime du pays ? D M Dictature militaire
16%
Quelles sont les principaux lieux touristiques ? M Fort de {Médine} EEIMND
15%
Quels est le climat local ? T S Tropical semi-désertique
3%
Code sur les plaques minéralogiques RMM
1%
Aucun quiz correspondant
Distribution des résultats
% des personnes avec chaque résultat
Percentile par nombre de réponses
Votre historique - résultats
Vous n’avez pas pris ce quiz